<?xml version="1.0" encoding="UTF-8"?>
<record
    xmlns:xsi="http://www.w3.org/2001/XMLSchema-instance"
    xsi:schemaLocation="http://www.loc.gov/MARC21/slim http://www.loc.gov/standards/marcxml/schema/MARC21slim.xsd"
    xmlns="http://www.loc.gov/MARC21/slim">

  <leader>01378nam a22002657a 4500</leader>
  <controlfield tag="005">20170124102924.0</controlfield>
  <datafield tag="010" ind1=" " ind2=" ">
    <subfield code="a">A-283816</subfield>
  </datafield>
  <datafield tag="020" ind1=" " ind2=" ">
    <subfield code="a">8170430062</subfield>
  </datafield>
  <datafield tag="035" ind1=" " ind2=" ">
    <subfield code="a">A-283816</subfield>
  </datafield>
  <datafield tag="037" ind1=" " ind2=" ">
    <subfield code="b">Cen Lib/Ret</subfield>
  </datafield>
  <datafield tag="040" ind1=" " ind2=" ">
    <subfield code="a">DPL</subfield>
    <subfield code="b">HN</subfield>
  </datafield>
  <datafield tag="082" ind1=" " ind2=" ">
    <subfield code="a">822.08</subfield>
    <subfield code="b">&#x926;&#x947;&#x935;&#x947;&#x91A;&#x94D;&#x91B;&#x93E;</subfield>
  </datafield>
  <datafield tag="100" ind1=" " ind2=" ">
    <subfield code="a">&#x926;&#x947;&#x935;&#x947;&#x91A;&#x94D;&#x91B;&#x93E;</subfield>
    <subfield code="9">4570</subfield>
  </datafield>
  <datafield tag="245" ind1=" " ind2=" ">
    <subfield code="a">&#x92A;&#x91A;&#x93E;&#x938;&#x94B;&#x924;&#x94D;&#x924;&#x93E;&#x930;&#x940; &#x939;&#x93F;&#x928;&#x94D;&#x926;&#x940; &#x915;&#x939;&#x93E;&#x928;&#x940;, &#x924;&#x940;&#x938;&#x930;&#x947; &#x906;&#x926;&#x92E;&#x940; &#x915;&#x940; &#x905;&#x935;&#x927;&#x93E;&#x930;&#x923;&#x93E; &#x914;&#x930; &#x938;&#x94D;&#x935;&#x930;&#x942;&#x92A; :</subfield>
    <subfield code="c">&#x926;&#x947;&#x935;&#x947;&#x91A;&#x94D;&#x91B;&#x93E;</subfield>
    <subfield code="b">&#x92A;&#x94D;&#x930;&#x92E;&#x941;&#x916; &#x92E;&#x939;&#x93F;&#x932;&#x93E; &#x915;&#x939;&#x93E;&#x928;&#x940; &#x932;&#x947;&#x916;&#x93F;&#x915;&#x93E;&#x913;&#x902; &#x915;&#x947; &#x938;&#x902;&#x927;&#x930;&#x94D;&#x92D; &#x92E;&#x947;&#x902; /</subfield>
  </datafield>
  <datafield tag="246" ind1=" " ind2=" ">
    <subfield code="a">     Pac&#x101;sottar&#x12B; Hind&#x12B; kah&#x101;n&#x12B;, t&#x12B;sare &#x101;dam&#x12B; k&#x12B; avadh&#x101;ra&#x1E47;&#x101; aura svar&#x16B;pa : pramukha mahil&#x101; kah&#x101;n&#x12B; lekhik&#x101;o&#x1E43; ke sandarbha me /</subfield>
    <subfield code="b">by Devecch&#x101;</subfield>
  </datafield>
  <datafield tag="260" ind1=" " ind2=" ">
    <subfield code="a">&#x926;&#x93F;&#x932;&#x94D;&#x932;&#x940; </subfield>
    <subfield code="b">&#x906;&#x924;&#x94D;&#x92E;&#x93E; &#x930;&#x93E;&#x92E; &#x90F;&#x902;&#x921; &#x938;&#x902;&#x938; </subfield>
    <subfield code="c">1986</subfield>
  </datafield>
  <datafield tag="270" ind1=" " ind2=" ">
    <subfield code="b">&#x926;&#x93F;&#x932;&#x94D;&#x932;&#x940;  </subfield>
    <subfield code="a">&#x915;&#x936;&#x94D;&#x92E;&#x940;&#x930;&#x940; &#x917;&#x947;&#x91F; </subfield>
    <subfield code="e">110006</subfield>
  </datafield>
  <datafield tag="300" ind1=" " ind2=" ">
    <subfield code="a">482&#x92A;&#x943;. </subfield>
    <subfield code="c">19&#x938;&#x947;&#x92E;&#x940;(&#x938;&#x91C;&#x93F;&#x932;&#x94D;&#x926;)</subfield>
  </datafield>
  <datafield tag="500" ind1=" " ind2=" ">
    <subfield code="a">&#x917;&#x94D;&#x930;&#x928;&#x94D;&#x925; &#x938;&#x942;&#x91A;&#x940; &#x936;&#x93E;&#x92E;&#x93F;&#x932; </subfield>
  </datafield>
  <datafield tag="650" ind1=" " ind2=" ">
    <subfield code="a">&#x939;&#x93F;&#x928;&#x94D;&#x926;&#x940; &#x938;&#x93E;&#x939;&#x93F;&#x924;&#x94D;&#x92F;</subfield>
    <subfield code="9">42826</subfield>
  </datafield>
  <datafield tag="650" ind1=" " ind2=" ">
    <subfield code="a">&#x939;&#x93F;&#x928;&#x94D;&#x926;&#x940;&#x902; &#x915;&#x939;&#x93E;&#x928;&#x940; </subfield>
    <subfield code="9">42827</subfield>
  </datafield>
  <datafield tag="650" ind1=" " ind2=" ">
    <subfield code="a">Hindi literature</subfield>
    <subfield code="9">42828</subfield>
  </datafield>
  <datafield tag="650" ind1=" " ind2=" ">
    <subfield code="a">Hindi stories</subfield>
    <subfield code="9">42829</subfield>
  </datafield>
  <datafield tag="942" ind1=" " ind2=" ">
    <subfield code="2">ddc</subfield>
    <subfield code="c">HN</subfield>
    <subfield code="h">822.08</subfield>
    <subfield code="m">&#x926;&#x947;&#x935;&#x947;&#x91A;&#x94D;&#x91B;&#x93E;</subfield>
  </datafield>
  <datafield tag="999" ind1=" " ind2=" ">
    <subfield code="c">111439</subfield>
    <subfield code="d">111439</subfield>
  </datafield>
  <datafield tag="952" ind1=" " ind2=" ">
    <subfield code="0">0</subfield>
    <subfield code="1">0</subfield>
    <subfield code="4">0</subfield>
    <subfield code="7">0</subfield>
    <subfield code="a">L</subfield>
    <subfield code="b">L</subfield>
    <subfield code="d">2015-08-01</subfield>
    <subfield code="e">Cen Lib/Ret</subfield>
    <subfield code="g">0.00</subfield>
    <subfield code="l">0</subfield>
    <subfield code="o">822.08 &#x926;&#x947;&#x935;&#x947;&#x91A;&#x94D;&#x91B;&#x93E;</subfield>
    <subfield code="p">A-283816</subfield>
    <subfield code="r">2015-08-01 00:00:00</subfield>
    <subfield code="t">1</subfield>
    <subfield code="v">0.00</subfield>
    <subfield code="w">2015-08-01</subfield>
    <subfield code="y">HN</subfield>
  </datafield>
</record>
